<?xml version="1.0" encoding="UTF-8"?>
<record
    xmlns:xsi="http://www.w3.org/2001/XMLSchema-instance"
    xsi:schemaLocation="http://www.loc.gov/MARC21/slim http://www.loc.gov/standards/marcxml/schema/MARC21slim.xsd"
    xmlns="http://www.loc.gov/MARC21/slim">

  <leader>01205nji a22003017a 4500</leader>
  <controlfield tag="005">20100903161258.0</controlfield>
  <controlfield tag="006">a|||||r|||||00| 0 </controlfield>
  <controlfield tag="007">sd ammalaaahaa</controlfield>
  <controlfield tag="008">100830t        xxu||||| |||| 00| 0 eng d</controlfield>
  <datafield tag="028" ind1=" " ind2=" ">
    <subfield code="a">N. 5039</subfield>
    <subfield code="b">EMI</subfield>
  </datafield>
  <datafield tag="035" ind1=" " ind2=" ">
    <subfield code="a">GR-02784</subfield>
  </datafield>
  <datafield tag="040" ind1=" " ind2=" ">
    <subfield code="a">SED</subfield>
    <subfield code="c">SED</subfield>
  </datafield>
  <datafield tag="100" ind1=" " ind2=" ">
    <subfield code="9">17455</subfield>
    <subfield code="a">Mohd Rafi</subfield>
  </datafield>
  <datafield tag="245" ind1=" " ind2=" ">
    <subfield code="a">Naunihaal /</subfield>
    <subfield code="c">by mohd Rafi; music by Madan mohan ;lyrics Kaifi azmi</subfield>
    <subfield code="h">[sound recording] :</subfield>
  </datafield>
  <datafield tag="246" ind1=" " ind2=" ">
    <subfield code="a">&#x928;&#x94C;&#x928;&#x93F;&#x939;&#x93E;&#x932;/&#x92E;&#x94B;&#x939;&#x92E;&#x94D;&#x92E;&#x926; &#x930;&#x92B;&#x93C;&#x940; &#x926;&#x94D;&#x935;&#x93E;&#x930;&#x93E; </subfield>
  </datafield>
  <datafield tag="260" ind1=" " ind2=" ">
    <subfield code="a">Dum Dum, India </subfield>
    <subfield code="b">EMI</subfield>
  </datafield>
  <datafield tag="300" ind1=" " ind2=" ">
    <subfield code="a">1 sound disc [Gramophone Recording]:</subfield>
    <subfield code="b">analog, 33 1/3 rpm </subfield>
    <subfield code="c">13 in. (LP)</subfield>
    <subfield code="f">Gramophone Record</subfield>
  </datafield>
  <datafield tag="500" ind1=" " ind2=" ">
    <subfield code="a">Brief Record</subfield>
  </datafield>
  <datafield tag="505" ind1=" " ind2=" ">
    <subfield code="a"> Side &#x967; &#x924;&#x941;&#x92E;&#x94D;&#x939;&#x93E;&#x930;&#x940; &#x91C;&#x941;&#x932;&#x94D;&#x92B;&#x94B;&#x902; &#x915;&#x947; &#x938;&#x93E;&#x90F; &#x92E;&#x947;&#x902; (Tumhari julfo ke saaye me)(Mohd Rafi)  Side 2 &#x92E;&#x947;&#x930;&#x940; &#x906;&#x935;&#x93E;&#x91C;&#x93C; &#x938;&#x941;&#x928;&#x94B;(  Meri awaz suno) (&#x92E;&#x94B;&#x939;&#x926; Rafi)</subfield>
  </datafield>
  <datafield tag="650" ind1=" " ind2=" ">
    <subfield code="a">Classical music</subfield>
    <subfield code="z">India</subfield>
    <subfield code="9">1186</subfield>
    <subfield code="x">Excerpts</subfield>
  </datafield>
  <datafield tag="700" ind1=" " ind2=" ">
    <subfield code="9">17416</subfield>
    <subfield code="a">Mohan, Madan</subfield>
  </datafield>
  <datafield tag="700" ind1=" " ind2=" ">
    <subfield code="9">17456</subfield>
    <subfield code="a">Kaifi Azmi</subfield>
  </datafield>
  <datafield tag="700" ind1=" " ind2=" ">
    <subfield code="9">19067</subfield>
  </datafield>
  <datafield tag="700" ind1=" " ind2=" ">
    <subfield code="9">19087</subfield>
  </datafield>
  <datafield tag="700" ind1=" " ind2=" ">
    <subfield code="9">19088</subfield>
  </datafield>
  <datafield tag="942" ind1=" " ind2=" ">
    <subfield code="2">ddc</subfield>
    <subfield code="c">GR</subfield>
  </datafield>
  <datafield tag="999" ind1=" " ind2=" ">
    <subfield code="c">46054</subfield>
    <subfield code="d">46054</subfield>
  </datafield>
  <datafield tag="952" ind1=" " ind2=" ">
    <subfield code="0">0</subfield>
    <subfield code="1">0</subfield>
    <subfield code="2">ddc</subfield>
    <subfield code="4">0</subfield>
    <subfield code="7">1</subfield>
    <subfield code="8">NFIC</subfield>
    <subfield code="a">L</subfield>
    <subfield code="b">L</subfield>
    <subfield code="d">2010-09-15</subfield>
    <subfield code="e">SED/VEN</subfield>
    <subfield code="l">0</subfield>
    <subfield code="p">GR-02784</subfield>
    <subfield code="r">2010-09-15 00:00:00</subfield>
    <subfield code="t">1</subfield>
    <subfield code="w">2010-09-15</subfield>
    <subfield code="y">GR</subfield>
  </datafield>
</record>
